| 000 | 00357nam a2200133Ia 4500 | ||
|---|---|---|---|
| 005 | 20260328101506.0 | ||
| 008 | 260328s9999||||xx |||||||||||||| ||und|| | ||
| 100 | _aCirici i Pellicer, Alexandre | ||
| 245 | 0 |
_aLa Sagrada Familia de Antoni Gaudà / _cAlexandre Cirici i Pellicer |
|
| 260 | _bOmega | ||
| 300 | _a80 p. | ||
| 650 | _aGaudÃ, Antoni | ||
| 942 | _cBK | ||
| 999 |
_c9037 _d9037 |
||